01419nam a2200337Ia 4500001001200000003000800012006001900020007001500039008004100054020001800095020002200113020002300135040002100158035002100179050002500200100002600225245012000251260007500371300001700446490005400463500003200517504005100549533015200600650003500752650005200787655002900839710001700868830005500885856012600940999001501066ebr10284118CaPaEBRm u cr cn|||||||||040729s2005 nju sb 001 0 eng d z9780691119519 z0691119511 (pbk.) z0691058067 (cased) aCaPaEBRcCaPaEBR a(OCoLC)64680558414aRA395.A3bG67 2005eb1 aGordon, Colin,d1962-10aDead on arrivalh[electronic resource] :bthe politics of health care in twentieth-century America /cColin Gordon. aPrinceton, NJ ;aWoodstock, UK. :bPrinceton University Press,c[2005] axiii, 316 p.1 aPolitics and society in twentieth-century America aOriginally published, 2003. aIncludes bibliographical references and index. aElectronic reproduction.bPalo Alto, Calif. :cebrary,d2011.nAvailable via World Wide Web.nAccess may be limited to ebrary affiliated libraries. 0aMedical policyzUnited States. 0aMedical carexPolitical aspectszUnited States. 7aElectronic books.2local2 aebrary, Inc. 0aPolitics and society in twentieth-century America.40uhttp://site.ebrary.com/lib/rucke/Doc?id=10284118zAn electronic book accessible through the World Wide Web; click to view c2534d2534